Voices of ancient Egypt : contemporary accounts of daily life /

محفوظ في:

مؤلفون آخرون: David, A. Rosalie (المحرر)

التنسيق: كتاب

اللغة: English

منشور في: Santa Barbara, California : Greenwood, [2014].

سلاسل: Voices of an era.

الموضوعات:

الوسوم: إضافة وسم

لا توجد وسوم, كن أول من يضع وسما على هذه التسجيلة!

رقم الطلب: DT61 .V66 2014

LEADER 00986namaa2200277 4500
001 25024
003 OSt
005 20220223132533.0
008 130303s2014 caua g b 001 0 eng d
952 |0 0  |1 0  |2 lcc  |4 0  |6 DT0061 V66 02014  |7 1  |9 37968  |a ARCE  |b ARCE  |d 2022-02-23  |l 0  |o DT61 .V66 2014  |p 1013929  |r 2022-02-23 00:00:00  |w 2022-02-23  |y BK 
999 |c 22181  |d 22181 
010 |a 2014016388 
020 |a 9780313397820 
040 |c ARCE Library 
043 |a f-ua--- 
050 4 |a DT61 .V66 2014 
245 0 0 |a Voices of ancient Egypt :   |b contemporary accounts of daily life /   |c Rosalie David. 
264 1 |a Santa Barbara, California :   |b Greenwood,   |c [2014]. 
300 |a xxxviii, 269 pages :   |b illustrations ;   |c 29 cm. 
490 0 |a Voices of an era. 
500 |a OCLC 870841739 
504 |a Includes bibliographical references and index. 
651 0 |a Egypt  |x Civilization  |y To 332 B.C.  |v Sources. 
700 1 |a David, A. Rosalie   |q (Ann Rosalie),   |e editor. 
901 |a reviewed 
942 |c BK  |2 lcc